| 000 | 01017naa a2200289 c 4500 | ||
|---|---|---|---|
| 001 | 43411 | ||
| 003 | ES-MaCES | ||
| 005 | 20121029110300.0 | ||
| 008 | 121029n2012 xxk t 000 | eng d | ||
| 035 | _aCES20120010236v | ||
| 040 |
_aES-MaCES _bspa _cES-MaCES |
||
| 100 | 1 |
_aJetin, Bruno _915389 |
|
| 245 | 1 | 0 |
_aDistribution of income, labour productivity and competitiveness _b: is the Thai labour regime sustainable? _cBruno Jetin |
| 500 | _aResumen | ||
| 504 | _aBibliografía: p. 915-916 | ||
| 650 | 4 |
_aTailandia _926930 |
|
| 650 | 4 |
_adistribución del ingreso _927109 |
|
| 650 | 4 |
_acompetitividad _928270 |
|
| 650 | 4 |
_adesarrollo industrial _927623 |
|
| 650 | 4 |
_aproductividad _928259 |
|
| 650 | 4 |
_aingreso _927108 |
|
| 653 | 1 | 0 | _aRelaciones laborales-Empleo |
| 773 | 0 |
_tCambridge journal of Economics _gvol. 36, no. 4 (July 2012){10225 R. 081851}; p. 895-917 _w(ES-MaCES)25239 _944892 |
|
| 902 | _aART Artículo de revista | ||
| 942 |
_2CES _cAR _h2.0. |
||
| 999 |
_c43411 _d43411 |
||